000 00431nam a22001457a 4500
005 20180108120014.0
008 180108b xxu||||| |||| 00| 0 eng d
040 _cPK-LaUMT
082 _aPKAC 297.74
_bHAS-D
100 _aHassan Ismail
245 _aDaat al-iqzat (دعاۃ الاقضاد)
_cHassan Ismail
260 _aالقاھرہ:
_bدارالطباعۃ والنشرالاسلامۃ،
_c[ ]
300 _a191
942 _cBK
999 _c101427
_d101427